MARC details
| 000 -CABECERA |
| campo de control de longitud fija |
01161nab a2200181 a 4500 |
| 005 - FECHA Y HORA DE LA ÚLTIMA TRANSACCIÓN |
| campo de control |
20241018120131.0 |
| 007 - CAMPO FIJO DE DESCRIPCIÓN FÍSICA--INFORMACIÓN GENERAL |
| campo de control de longitud fija |
ta |
| 008 - DATOS DE LONGITUD FIJA--INFORMACIÓN GENERAL |
| campo de control de longitud fija |
241018e2022 dr |||||r||||||0| | spa d |
| 040 ## - FUENTE DE LA CATALOGACIÓN |
| Centro catalogador/agencia de origen |
DO-SdBNP |
| Centro/agencia transcriptor |
BNPHU |
| Normas de descripción |
rda |
| 041 ## - CÓDIGO DE LENGUA |
| Código de lengua original |
spa |
| 100 ## - ENTRADA PRINCIPAL--NOMBRE DE PERSONA |
| Nombre de persona |
Andújar, Carlos |
| 9 (RLIN) |
84586 |
| 245 ## - MENCIÓN DE TÍTULO |
| Título |
El patrimonio cultural dominicano : |
| Resto del título |
un acercamiento ampliado / |
| Mención de responsabilidad, etc. |
Carlos Andújar. |
| 260 ## - PUBLICACIÓN, DISTRIBUCIÓN, ETC. |
| Lugar de publicación, distribución, etc. |
Santo Domingo, República Dominicana : |
| Nombre del editor, distribuidor, etc. |
Centro Cultural BanReservas, |
| Fecha de publicación, distribución, etc. |
2022. |
| 300 ## - DESCRIPCIÓN FÍSICA |
| Extensión |
página 11. |
| 362 ## - FECHAS DE PUBLICACIÓN Y/O DESIGNACIÓN SECUENCIAL |
| Fecha de publicación y/o designación secuencial |
Edición 1. Enero 2022. |
| 520 ## - SUMARIO, ETC. |
| Sumario, etc. |
El patrimonio cultural un país lo constituye el conjunto de manifestaciones culturales, tangibles e intangibles, que expresan de distintas formas su identidad, su historia, sus vivencias y sus representaciones. Desde importantes monumentos que sintetizan las formas de apropiación del espacio usadas por cada cultura (ciudades, pueblos o cualquier otra forma de asentamiento), pasando por su artesanía, sus ajuares, vestidos, instrumentos musicales, objetos de labranzas y trabajo, tecnología, hasta sus creencias, música, danza, tradición oral, lengua, entre otros tantos modos de representatividad. |
| 942 ## - ELEMENTOS DE PUNTO DE ACCESO ADICIONAL (KOHA) |
| Fuente del sistema de clasificación o colocación |
Dewey Decimal Classification |
| Tipo de ítem Koha |
Publicación periódica |